The lost scrolls : (Record no. 110626)
[ view plain ]
| 000 -LEADER | |
|---|---|
| fixed length control field | 00362nam a2200133 a 4500 |
| 005 - DATE AND TIME OF LATEST TRANSACTION | |
| control field | 20140414131900.0 |
| 008 - FIXED-LENGTH DATA ELEMENTS--GENERAL INFORMATION | |
| fixed length control field | 100916s19uu xx 00 eng d |
| 050 ## - LIBRARY OF CONGRESS CALL NUMBER | |
| Classification number | FIC |
| Item number | T22 2007 |
| 100 ## - MAIN ENTRY--PERSONAL NAME | |
| Personal name | Teitelbaum, Michael |
| 245 ## - TITLE STATEMENT | |
| Title | The lost scrolls : |
| Remainder of title | earth. |
| 260 ## - PUBLICATION, DISTRIBUTION, ETC. (IMPRINT) | |
| Place of publication, distribution, etc | New York : |
| Name of publisher, distributor, etc | Scholastic , |
| Date of publication, distribution, etc | 2007. |
| 440 ## - SERIES STATEMENT/ADDED ENTRY--TITLE | |
| Title | Avatar: the last airbender |
| Withdrawn status | Lost status | Damaged status | Home library | Current library | Shelving location | Date acquired | Total Checkouts | Full call number | Barcode | Date last seen | Price effective from | Koha item type |
|---|---|---|---|---|---|---|---|---|---|---|---|---|
| Munich Library | Munich Library | Fiction Section | 09/16/2010 | FIC T22 2007 | M1083 | 04/14/2014 | 04/14/2014 | Books |